| 000 | 00523nam a2200169 a 4500 | ||
|---|---|---|---|
| 005 | 20140412111425.0 | ||
| 008 | 090626s19uu xx 00 eng d | ||
| 020 | _a0-688-06522-8 | ||
| 050 |
_aTR(PS E _bH97 1982 |
||
| 100 | _aHutchins, Pat | ||
| 245 |
_a1 Hunter / _cPat Hutchins. |
||
| 260 |
_aHongkong : _bMulberry books, _c1982. |
||
| 300 | _a1v. unp. | ||
| 520 | _aOne hunter walks through the forest observed first by two elephants then by three giraffes. | ||
| 650 | _aCounting- Animal fiction | ||
| 999 |
_c106195 _d106195 |
||